Premiers ministres français par durée - Statistiques

Statistiques générales
  • Ce quiz a été pris 83 fois
    25 depuis la dernière actualisation
  • Le résultat moyen est 20 sur 29
Statistiques - réponses
Durée Président Nomination Premier ministre % Correct
4 ans, 11 mois et 28 jours N Sarkozy 2007 François Fillon
100%
4 ans, 11 mois et 4 jours J Chirac 1997 Lionel Jospin
100%
3 ans, 1 mois et 18 jours E Macron 2017 Édouard Philippe
89%
6 ans, 2 mois et 26 jours C de Gaulle 1962 Georges Pompidou
89%
2 ans, 8 mois et 5 jours F Hollande 2014 Manuel Valls
89%
3 ans, 1 mois et 26 jours F Mitterrand 1981 Pierre Mauroy
83%
1 an, 7 mois et 25 jours E Macron 2022 Élisabeth Borne
78%
7 mois et 25 jours E Macron 2024 Gabriel Attal
72%
1 an, 10 mois et 13 jours E Macron 2020 Jean Castex
72%
3 ans et 25 jours J Chirac 2002 Jean-Pierre Raffarin
72%
3 mois et 8 jours E Macron 2024 Michel Barnier
72%
3 ans, 3 mois et 6 jours C de Gaulle 1959 Michel Debré
72%
2 ans et 16 jours J Chirac 1995 Alain Juppé
67%
1 an, 11 mois et 16 jours J Chirac 2005 Dominique de Villepin
67%
10 mois et 17 jours F Mitterrand 1991 Édith Cresson
67%
8 mois et 27 jours E Macron 2024 François Bayrou
67%
2 ans, 2 mois et 29 jours V Giscard d'Estaing 1974 Jacques Chirac (1)
67%
2 ans, 1 mois et 20 jours F Mitterrand 1986 Jacques Chirac (2)
67%
3 ans et 5 jours F Mitterrand 1988 Michel Rocard
67%
2 ans, 1 mois et 18 jours F Mitterrand 1993 Édouard Balladur
61%
4 ans, 8 mois et 26 jours V Giscard d'Estaing 1976 Raymond Barre
61%
5 mois et 9 jours F Hollande 2016 Bernard Cazeneuve
56%
1 an, 10 mois et 16 jours F Hollande 2012 Jean-Marc Ayrault
56%
11 mois et 10 jours C de Gaulle 1968 Maurice Couve de Murville
56%
11 mois et 27 jours F Mitterrand 1992 Pierre Bérégovoy
56%
1 an, 10 mois et 22 jours G Pompidou 1972 Pierre Messmer
56%
3 ans et 15 jours G Pompidou 1969 Jacques Chaban Delmas
50%
1 an, 8 mois et 3 jours F Mitterrand 1984 Laurent Fabius
44%
en cours E Macron 2025 Sébastien Lecornu
44%
Aucun quiz correspondant
Distribution des résultats
% des personnes avec chaque résultat
Percentile par nombre de réponses
Votre historique - résultats
Vous n’avez pas pris ce quiz depuis la dernière actualisation